| 000 | 00726nam a2200217 a 4500 | ||
|---|---|---|---|
| 001 | 3815 | ||
| 003 | CDMR | ||
| 005 | 20131128112431.0 | ||
| 008 | 130130s1993||||||||||||||||||||||||||||d | ||
| 020 | _a8439324901 | ||
| 040 |
_aCDMR _bcat _cCDMR |
||
| 111 | 2 |
_aConverses a la Pedrera _cBarcelona _d1991 _n2es _9403 |
|
| 245 | 1 | 4 |
_a¿ Una societat incomunicada ? _b: informació i comunicació _cponent: Victòria Camps |
| 260 |
_aBarcelona _c1993 _bGeneralitat de Catalunya |
||
| 300 |
_a91 p ; _c30 cm |
||
| 490 | 0 |
_aMonografies i documents _v6 |
|
| 650 | 0 | 4 |
_aMitjans de comunicació de massa _92757 _xAspectes socials |
| 700 | 1 |
_aCamps, Victoria _92700 |
|
| 710 | 1 |
_9304 _aCentre d'Investigació de la Comunicació |
|
| 942 |
_cPON _2udc |
||
| 999 |
_c3815 _d3815 |
||